000 00442nam a22001577a 4500
003 OSt
005 20250625123527.0
008 250625b |||||||| |||| 00| 0 eng d
040 _cKMU
050 _aICT DEPARTMENT-STUDENT PROJECT REPORT
100 _aMate, David
245 _aE-Voting System/
_cDavies Mate.
260 _aKapasa Makasa University:
_bKapasa Makasa University,
_c2023.
300 _aviii, 42 pages:
_c30 cm
942 _2lcc
_cPR
_n0
999 _c1940
_d1940